LIBRARY & INFORMATION CENTRE, KCAET, TAVANUR

ONLINE PUBLIC ACCESS CATALOGUE (OPAC)

Engineering Fluid Mechanics and Hydraulic Mechanics (Record no. 14720)

MARC details
000 -LEADER
fixed length control field 00311nam a22001217a 4500
020 ## - INTERNATIONAL STANDARD BOOK NUMBER
ISBN 9788173199820
082 ## - DEWEY DECIMAL CLASSIFICATION NUMBER
Classification number 532
Item number PAT/EN
100 ## - MAIN ENTRY--AUTHOR NAME
Personal name Patra K.C.
245 ## - TITLE STATEMENT
Title Engineering Fluid Mechanics and Hydraulic Mechanics
260 ## - PUBLICATION, DISTRIBUTION, ETC. (IMPRINT)
Place of publication New Delhi
Name of publisher Narosa Publishing House
Year of publication 2011
300 ## - PHYSICAL DESCRIPTION
Number of Pages 562
942 ## - ADDED ENTRY ELEMENTS (KOHA)
Koha item type Book Bank scheme for SC students
Holdings
Withdrawn status Lost status Damaged status Collection code Home library Current library Shelving location Date acquired Source of acquisition Cost, normal purchase price Full call number Accession Number Koha item type
        KAUAET KAUAET Scheme 22/08/2016 Cosmo Book s, Calicut. 395.00 532 PAT/EN BB 252 Book Bank scheme for SC students
free website counter